[Event "Open Portugal 2019"]
[Site "Lisboa POR"]
[Date "2019.02.03"]
[Round "2.76"]
[White "Calzada Cruz, Osvaldo"]
[Black "Gallardo Fernández, César"]
[Result "0-1"]
[WhiteElo "1754"]
[BlackElo "2194"]
[WhiteFideId "3509460"]
[BlackFideId "2225280"]
[WhiteCountry "CUB"]
[BlackCountry "ESP"]
[PlyCount "100"]
[EventDate "2019.02.02"]

1. d4 Nf6 2. c4 e6 3. Nf3 b6 4. e3 Bb7 5. Bd3 d5 6. Nc3 Nbd7 7. Qe2 c5 8. h4 Be7
9. Kf1 Ne4 10. cxd5 exd5 11. Ng5 Nxg5 12. hxg5 Bxg5 13. e4 Bxc1 14. Rxc1 Qe7 15.
Nxd5 Bxd5 16. exd5 Qxe2+ 17. Bxe2 O-O 18. dxc5 Nxc5 19. b4 Ne4 20. Rh4 Nd6 21.
Bd3 g6 22. Ke2 Rfd8 23. g4 Ne8 24. g5 f5 25. Rch1 Rd7 26. Bb5 Re7+ 27. Kd3 Nd6
28. Bc6 Rd8 29. Rd4 Ne4 30. Rf1 Nxg5 31. d6 Rg7 32. Re1 Ne4 33. Bxe4 fxe4+ 34.
Rexe4 Rgd7 35. Ke3 a6 36. Rc4 Rxd6 37. Rc7 Rd3+ 38. Kf4 R8d7 39. Rc6 R3d6 40.
Rc8+ Kg7 41. Ra8 b5 42. f3 Rf6+ 43. Ke3 h5 44. Ree8 Rdf7 45. Rg8+ Kh6 46. Rh8+
Kg5 47. f4+ Kg4 48. f5 Kxf5 49. Rhe8 Kg4 50. Rg8 g5 0-1

[Event "Open Portugal 2019"]
[Site "Lisboa POR"]
[Date "2019.02.03"]
[Round "2.77"]
[White "Bub, Volker"]
[Black "Cordeiro, João"]
[Result "1/2-1/2"]
[WhiteElo "2030"]
[BlackElo "1745"]
[WhiteFideId "4618963"]
[BlackFideId "1935291"]
[WhiteCountry "GER"]
[BlackCountry "POR"]
[PlyCount "103"]
[EventDate "2019.02.02"]

1. e4 e5 2. Bc4 Nf6 3. d3 c6 4. Nf3 d5 5. Bb3 Bd6 6. Nc3 dxe4 7. Ng5 O-O 8.
Ngxe4 Nxe4 9. Nxe4 Bf5 10. Be3 Bxe4 11. dxe4 Qe7 12. O-O Kh8 13. Qh5 Nd7 14. c3
Nc5 15. Bc2 Ne6 16. Rad1 Bc7 17. g3 g6 18. Qh6 Bb6 19. h4 Rad8 20. b4 Bxe3 21.
Qxe3 c5 22. a3 b6 23. Bb3 Rxd1 24. Rxd1 cxb4 25. axb4 Rd8 26. Rd5 Rxd5 27. Bxd5
Nc7 28. Bb3 Kg7 29. Qd3 a6 30. Qe3 Qd6 31. h5 Ne6 32. h6+ Kf6 33. Bd5 Ke7 34.
Kf1 Nc7 35. Bb3 Ne6 36. Ke2 Nc7 37. f4 exf4 38. gxf4 Ne6 39. e5 Qc6 40. Bxe6
Kxe6 41. Qh3+ Ke7 42. Qh4+ Kd7 43. Qh2 Ke7 44. Qh4+ Kd7 45. Qg4+ Qe6 46. Qf3
Qc4+ 47. Kd2 Qc6 48. Qd3+ Ke6 49. Qxa6 Kf5 50. Qf1 Qd5+ 51. Kc1 Qe4 52. Qh3+
1/2-1/2

[Event "Open Portugal 2019"]
[Site "Lisboa POR"]
[Date "2019.02.03"]
[Round "2.78"]
[White "Silva, Tiago Alexandre"]
[Black "Javet, Blaise"]
[Result "1-0"]
[WhiteElo "1750"]
[BlackElo "2027"]
[WhiteFideId "1935321"]
[BlackFideId "1305026"]
[WhiteCountry "POR"]
[BlackCountry "SUI"]
[PlyCount "75"]
[EventDate "2019.02.02"]

1. e4 c5 2. c4 Nc6 3. Nc3 g6 4. g3 Bg7 5. Bg2 d6 6. Nge2 e6 7. d3 Nge7 8. O-O
O-O 9. Be3 Nd4 10. a3 Rb8 11. Rb1 Bd7 12. b4 b6 13. Qd2 a6 14. Bh6 Nxe2+ 15.
Nxe2 f5 16. Bxg7 Kxg7 17. f4 Qc7 18. d4 fxe4 19. Qc3 cxb4 20. Rxb4 d5 21. Rc1
Kg8 22. Bh3 Rfc8 23. c5 b5 24. Qe3 a5 25. Rb2 b4 26. axb4 axb4 27. Rcb1 Nc6 28.
g4 Ra8 29. f5 Kg7 30. Nf4 Ra3 31. Rb3 Rxb3 32. Rxb3 Ra8 33. fxe6 Be8 34. Nxd5
Ra1+ 35. Bf1 Qd8 36. Qxe4 Qh4 37. Qf4 Rd1 38. Rf3 1-0

[Event "Open Portugal 2019"]
[Site "Lisboa POR"]
[Date "2019.02.03"]
[Round "2.79"]
[White "Silva, Gonçalo"]
[Black "Lohia, Sohum"]
[Result "1-0"]
[WhiteElo "2027"]
[BlackElo "1727"]
[WhiteFideId "1915100"]
[BlackFideId "5819369"]
[WhiteCountry "POR"]
[BlackCountry "ENG"]
[PlyCount "105"]
[EventDate "2019.02.02"]

1. e4 d5 2. Nc3 dxe4 3. Nxe4 Nd7 4. d4 Ngf6 5. Ng3 e6 6. Nf3 Nb6 7. Bd3 c5 8.
dxc5 Bxc5 9. O-O O-O 10. Bg5 h6 11. Ne4 Be7 12. Bxf6 Bxf6 13. Qe2 Nd5 14. Rad1
Qb6 15. c4 Nf4 16. Nxf6+ gxf6 17. Qe4 Nxd3 18. Rxd3 Rd8 19. Rb3 Qd6 20. Qh4 Kg7
21. Rb5 e5 22. Nxe5 fxe5 23. Rd5 Qxd5 24. cxd5 Rxd5 25. Qe7 Be6 26. Qxb7 Rad8
27. h3 Rd1 28. Rxd1 Rxd1+ 29. Kh2 a5 30. Qb6 Rd5 31. a3 a4 32. b3 axb3 33. Qxb3
Rc5 34. Qe3 Rd5 35. Qc3 Rd4 36. Qg3+ Kf6 37. Qe3 Rh4 38. f3 Rf4 39. g3 Rc4 40.
Qxh6+ Ke7 41. g4 Rc2+ 42. Kg3 Ra2 43. Qg5+ Kd7 44. Qxe5 Rxa3 45. Qb5+ Kd8 46. h4
Rb3 47. Qg5+ Kd7 48. h5 Rb1 49. h6 Rh1 50. Kg2 Ra1 51. h7 Ra2+ 52. Kg3 Ra8 53.
Qe5 1-0

[Event "Open Portugal 2019"]
[Site "Lisboa POR"]
[Date "2019.02.03"]
[Round "2.80"]
[White "Haisma, Henk"]
[Black "Golecki, Jan"]
[Result "1/2-1/2"]
[WhiteElo "1727"]
[BlackElo "2018"]
[WhiteFideId "1038486"]
[BlackFideId "1184008"]
[WhiteCountry "NED"]
[BlackCountry "POL"]
[PlyCount "136"]
[EventDate "2019.02.02"]

1. b4 c6 2. e3 Qb6 3. a3 d5 4. Nf3 Nf6 5. c4 Bg4 6. h3 Bh5 7. cxd5 cxd5 8. Be2
Nbd7 9. Bb2 a5 10. Bd4 Qc7 11. b5 e5 12. Bb2 Bd6 13. O-O O-O 14. Nh4 Bg6 15.
Nxg6 hxg6 16. d4 e4 17. a4 Nb6 18. Qb3 Rfc8 19. Nd2 Qc2 20. Rfd1 Qxb3 21. Nxb3
Rc2 22. Rd2 Rac8 23. Bd1 Rxd2 24. Nxd2 Bb4 25. Nb3 Nc4 26. Rc1 Nd7 27. Be2 Ndb6
28. Bxc4 dxc4 29. Nc5 c3 30. Bxc3 Bxc5 31. dxc5 Rxc5 32. Bd2 Rxc1+ 33. Bxc1 Nxa4
34. Bd2 b6 35. f3 Kf8 36. fxe4 Ke7 37. Kf2 Kd6 38. e5+ Kxe5 39. Kf3 Ke6 40. e4
Nc5 41. Be3 a4 42. Bc1 Nd3 43. Be3 Ne1+ 44. Ke2 Nc2 45. Bxb6 a3 46. Ba5 a2 47.
Bc3 a1=Q 48. Bxa1 Nxa1 49. Kd3 Nb3 50. Kc4 Nd2+ 51. Kd3 Nb1 52. Kd4 Kd6 53. e5+
Kc7 54. Kc5 Nd2 55. b6+ Kb7 56. Kd6 Nc4+ 57. Kd5 Nxb6+ 58. Kd6 Nc4+ 59. Kd5 Ne3+
60. Kd6 Nf5+ 61. Kd7 Nd4 62. Ke7 Nc6+ 63. Kxf7 Nxe5+ 64. Kxg7 Kc6 65. Kf6 Kd5
66. g4 Ke4 67. Kg5 Kf3 68. h4 Nxg4 1/2-1/2

[Event "Open Portugal 2019"]
[Site "Lisboa POR"]
[Date "2019.02.03"]
[Round "2.81"]
[White "Fernandes, Ricardo Paulos"]
[Black "Martins, José Carlos"]
[Result "1-0"]
[WhiteElo "2015"]
[BlackElo "1707"]
[WhiteFideId "1943464"]
[BlackFideId "1946005"]
[WhiteCountry "POR"]
[BlackCountry "POR"]
[PlyCount "45"]
[EventDate "2019.02.02"]

1. b3 d5 2. Bb2 Bg4 3. Nf3 e6 4. e3 Nf6 5. Be2 Bd6 6. c4 c6 7. Nc3 O-O 8. d4
Nbd7 9. O-O Re8 10. Re1 dxc4 11. bxc4 e5 12. Qc2 Qc7 13. c5 Bf8 14. Qb3 Be6 15.
Bc4 Bxc4 16. Qxc4 b5 17. Qb3 a5 18. a3 exd4 19. exd4 Rxe1+ 20. Rxe1 Re8 21. Re3
Qf4 22. Bc1 Ne4 23. Qc2 1-0

[Event "Open Portugal 2019"]
[Site "Lisboa POR"]
[Date "2019.02.03"]
[Round "2.82"]
[White "Godinho, João Quintas"]
[Black "Slovák, Pavel"]
[Result "0-1"]
[WhiteElo "1719"]
[BlackElo "2010"]
[WhiteFideId "1909193"]
[BlackFideId "318493"]
[WhiteCountry "POR"]
[BlackCountry "CZE"]
[PlyCount "40"]
[EventDate "2019.02.02"]

1. d4 d5 2. c4 e5 3. dxe5 d4 4. Nf3 Nc6 5. a3 Bg4 6. Nbd2 Nge7 7. g3 Qd7 8. b4
Ng6 9. Bb2 O-O-O 10. b5 Ncxe5 11. Bg2 h5 12. O-O h4 13. Nxd4 hxg3 14. fxg3 Bh3
15. Bxb7+ Kxb7 16. Qa4 Ka8 17. Rxf7 Qxf7 18. Nc6 Bc5+ 19. Kh1 Bg2+ 20. Kxg2 Qf2+
0-1

[Event "Open Portugal 2019"]
[Site "Lisboa POR"]
[Date "2019.02.03"]
[Round "2.83"]
[White "Avelino, Camila"]
[Black "Sismeiro, Miguel"]
[Result "0-1"]
[WhiteElo "1689"]
[BlackElo "1997"]
[WhiteFideId "1938975"]
[BlackFideId "1950975"]
[WhiteCountry "POR"]
[BlackCountry "POR"]
[PlyCount "84"]
[EventDate "2019.02.02"]

1. e4 c5 2. Nf3 e6 3. d4 cxd4 4. Nxd4 Nc6 5. Nc3 Qc7 6. Be3 a6 7. a3 Nf6 8. Be2
Be7 9. O-O O-O 10. Kh1 d6 11. f4 Nxd4 12. Bxd4 e5 13. fxe5 dxe5 14. Be3 b5 15.
Bg5 Bb7 16. Bd3 h6 17. Bxf6 Bxf6 18. Qg4 Bg5 19. Nd5 Qc5 20. Rae1 Rae8 21. h4
Bxd5 22. exd5 Bd8 23. h5 Qe7 24. Qf5 Qh4+ 25. Kg1 Bb6+ 26. Rf2 Qxf2+ 27. Qxf2
Bxf2+ 28. Kxf2 f5 29. c4 e4 30. Bf1 bxc4 31. Bxc4 Rf6 32. Re2 Kf7 33. Ke3 f4+
34. Kd4 f3 35. gxf3 exf3 36. Rf2 Rf4+ 37. Kc3 Re3+ 38. Kd2 Re5 39. b3 Ke7 40.
Bxa6 Rxd5+ 41. Ke3 Rf6 42. Rxf3 Rxa6 0-1

[Event "Open Portugal 2019"]
[Site "Lisboa POR"]
[Date "2019.02.03"]
[Round "2.84"]
[White "Thibault, Pierre-Olivier"]
[Black "Barrento, Jorge"]
[Result "1-0"]
[WhiteElo "1994"]
[BlackElo "1701"]
[WhiteFideId "20606184"]
[BlackFideId "1906500"]
[WhiteCountry "FRA"]
[BlackCountry "POR"]
[PlyCount "75"]
[EventDate "2019.02.02"]

1. e4 e5 2. Bc4 Qe7 3. d3 d6 4. Nc3 c6 5. Nge2 Be6 6. Bb3 f5 7. exf5 Bxf5 8. O-O
Nf6 9. f4 Be6 10. fxe5 dxe5 11. d4 Nbd7 12. dxe5 Bxb3 13. exf6 Qc5+ 14. Kh1 Bf7
15. fxg7 Bxg7 16. Ne4 Qd5 17. Nd6+ Ke7 18. Rxf7+ Kxd6 19. Qxd5+ cxd5 20. Rxg7
Rae8 21. Bf4+ Kc6 22. Nd4+ Kc5 23. Nb3+ Kc6 24. Na5+ Kb6 25. Rxd7 Kxa5 26. Rxd5+
Ka6 27. h4 Re2 28. c4 Rf8 29. Bc7 b6 30. b3 Rff2 31. Rd7 Rxg2 32. Bb8 b5 33.
Rxa7+ Kb6 34. Rxh7 bxc4 35. bxc4 Rc2 36. a4 Ka5 37. Rb1 Rg6 38. Ra7+ 1-0

[Event "Open Portugal 2019"]
[Site "Lisboa POR"]
[Date "2019.02.03"]
[Round "2.85"]
[White "Bártolo, Filipe"]
[Black "Martins, Diogo"]
[Result "1/2-1/2"]
[WhiteElo "1666"]
[BlackElo "1993"]
[WhiteFideId "1942565"]
[BlackFideId "1926934"]
[WhiteCountry "POR"]
[BlackCountry "POR"]
[PlyCount "119"]
[EventDate "2019.02.02"]

1. e4 c5 2. Nf3 g6 3. d4 cxd4 4. Nxd4 Nc6 5. c4 Nf6 6. Nc3 Nxd4 7. Qxd4 d6 8. f3
Bg7 9. Qf2 O-O 10. Be3 a6 11. Be2 Be6 12. O-O Nd7 13. Bd4 Bxd4 14. Qxd4 Qb6 15.
Qxb6 Nxb6 16. b3 Rfc8 17. Rac1 Rc7 18. Rc2 Rac8 19. Rfc1 a5 20. Nb5 Rc5 21. Na7
Ra8 22. Nb5 Nd7 23. Nd4 Rac8 24. Kf2 Nf8 25. Bd3 b6 26. Nb5 Bd7 27. Nc3 Be6 28.
Re1 Nd7 29. Na4 R5c6 30. Rec1 f6 31. Nc3 Kf7 32. Nb5 Rc5 33. Nd4 Ne5 34. Be2 Nc6
35. Nxc6 R5xc6 36. Bd3 R6c7 37. Ke3 g5 38. g3 Rg8 39. Rf1 Ke8 40. a4 Kd7 41. Kd4
h6 42. f4 gxf4 43. gxf4 Rg4 44. Rff2 Rc8 45. Ke3 Rcg8 46. Be2 Rxf4 47. Rxf4 Kc6
48. Rh4 Rh8 49. Kd4 Bd7 50. Bf3 e5+ 51. Kc3 Kc5 52. Bg4 Be8 53. Be6 Bg6 54. Rg4
Bh7 55. Rg7 b5 56. axb5 Bxe4 57. Rc7+ Kb6 58. Rd7 Kc5 59. Rc7+ Kb6 60. Rd7
1/2-1/2

[Event "Open Portugal 2019"]
[Site "Lisboa POR"]
[Date "2019.02.03"]
[Round "2.86"]
[White "Myrheim, Håkon"]
[Black "Guia, Artur"]
[Result "1-0"]
[WhiteElo "1993"]
[BlackElo "1686"]
[WhiteFideId "1526820"]
[BlackFideId "1946781"]
[WhiteCountry "NOR"]
[BlackCountry "POR"]
[PlyCount "47"]
[EventDate "2019.02.02"]

1. e4 e5 2. Nf3 Nc6 3. Nc3 Nf6 4. d4 exd4 5. Nxd4 Bb4 6. Nxc6 bxc6 7. Bd3 d5 8.
exd5 cxd5 9. O-O O-O 10. Bg5 c6 11. Na4 h6 12. Bh4 Re8 13. c4 Be7 14. cxd5 cxd5
15. Re1 Be6 16. Bb1 Rb8 17. Qd3 g6 18. Rxe6 fxe6 19. Qxg6+ Kf8 20. Qxh6+ Kg8 21.
Qg6+ Kf8 22. Bg5 Ng8 23. Bh6+ Nxh6 24. Qxh6+ 1-0

[Event "Open Portugal 2019"]
[Site "Lisboa POR"]
[Date "2019.02.03"]
[Round "2.87"]
[White "Gonçalves, Carlos"]
[Black "Kocian, Miroslav"]
[Result "0-1"]
[WhiteElo "1644"]
[BlackElo "1992"]
[WhiteFideId "1912879"]
[BlackFideId "303577"]
[WhiteCountry "POR"]
[BlackCountry "CZE"]
[PlyCount "82"]
[EventDate "2019.02.02"]

1. Nf3 Nf6 2. g3 c5 3. Bg2 Nc6 4. O-O d5 5. d3 g6 6. Nbd2 Bg7 7. c3 Bf5 8. Nh4
Bg4 9. h3 Be6 10. Nhf3 h6 11. e4 Qd7 12. Kh2 Rd8 13. e5 Nh7 14. Nb3 b6 15. d4
cxd4 16. cxd4 a5 17. Be3 Rc8 18. Rc1 g5 19. Qd2 f6 20. exf6 Nxf6 21. Ne5 Qd6 22.
Ng6 Rg8 23. Ne5 a4 24. Na1 Ne4 25. Qd3 Nxe5 26. Rxc8+ Bxc8 27. dxe5 Qxe5 28.
Qb5+ Bd7 29. Qxb6 Qxb2 30. Qg6+ Kf8 31. Bxe4 dxe4 32. Qxe4 Qxa2 33. Rd1 Qe6 34.
Qa8+ Kf7 35. Qf3+ Bf6 36. Qd5 Qxd5 37. Rxd5 Be6 38. Rd1 a3 39. Bd4 Rd8 40. Nc2
a2 41. Rd2 Rxd4 0-1

[Event "Open Portugal 2019"]
[Site "Lisboa POR"]
[Date "2019.02.03"]
[Round "2.88"]
[White "Rionda Medio, Ángel"]
[Black "Haynes, Noah"]
[Result "1-0"]
[WhiteElo "1992"]
[BlackElo "1658"]
[WhiteFideId "2238934"]
[BlackFideId "1543172"]
[WhiteCountry "ESP"]
[BlackCountry "NOR"]
[PlyCount "73"]
[EventDate "2019.02.02"]

1. e4 c5 2. Nc3 Nc6 3. g3 g6 4. Bg2 Bg7 5. Nge2 d6 6. O-O Nf6 7. d3 O-O 8. h3
Bd7 9. Be3 Rb8 10. Qd2 b5 11. Bh6 b4 12. Nd1 a5 13. Bxg7 Kxg7 14. Ne3 a4 15. g4
b3 16. c3 bxa2 17. Rxa2 Qb6 18. Nc4 Qb3 19. Rfa1 Ne5 20. Nxe5 dxe5 21. f4 exf4
22. Qxf4 Qc2 23. b4 Qxd3 24. Rd2 Qb5 25. e5 cxb4 26. exf6+ exf6 27. c4 Qb6+ 28.
Qd4 Qxd4+ 29. Rxd4 Rfd8 30. Rad1 Re8 31. Nf4 Be6 32. Nxe6+ Rxe6 33. c5 b3 34.
Rxa4 b2 35. Rb1 Re5 36. Rc4 Rb5 37. c6 1-0

[Event "Open Portugal 2019"]
[Site "Lisboa POR"]
[Date "2019.02.03"]
[Round "2.89"]
[White "Mendes, Alberto"]
[Black "Bouton, Christophe"]
[Result "1-0"]
[WhiteElo "1635"]
[BlackElo "1988"]
[WhiteFideId "1901699"]
[BlackFideId "603813"]
[WhiteCountry "POR"]
[BlackCountry "FRA"]
[PlyCount "81"]
[EventDate "2019.02.02"]

1. e4 g6 2. d4 Bg7 3. c3 d6 4. Be3 Nd7 5. Nf3 Ngf6 6. Bd3 O-O 7. O-O c5 8. Qc2
b6 9. Bh6 Bb7 10. Bxg7 Kxg7 11. Re1 cxd4 12. cxd4 e5 13. d5 Rc8 14. Nc3 a6 15.
Qd2 b5 16. b3 Qa5 17. Rec1 Qa3 18. Rc2 b4 19. Na4 Rxc2 20. Qxc2 Rc8 21. Bc4 Nc5
22. Nxc5 Rxc5 23. Nd2 Qa5 24. f3 Qb6 25. Kh1 a5 26. Qd3 Nh5 27. g3 Bc8 28. Kg2
Qd8 29. Qe3 Qd7 30. Kg1 Qa7 31. Bf1 Qc7 32. Nc4 Ba6 33. Kg2 Bxc4 34. Bxc4 Nf6
35. g4 Qd8 36. Rh1 h6 37. h4 h5 38. g5 Nd7 39. Rf1 Qe7 40. Rc1 Qd8 41. Be2 1-0

[Event "Open Portugal 2019"]
[Site "Lisboa POR"]
[Date "2019.02.03"]
[Round "2.90"]
[White "Fidalgo, Daniel"]
[Black "Vedor, Bernardo"]
[Result "1-0"]
[WhiteElo "1981"]
[BlackElo "1650"]
[WhiteFideId "1934279"]
[BlackFideId "1953540"]
[WhiteCountry "POR"]
[BlackCountry "POR"]
[PlyCount "41"]
[EventDate "2019.02.02"]

1. c4 e6 2. Nc3 d5 3. e4 dxe4 4. Nxe4 Nd7 5. d4 Ngf6 6. Nc3 Be7 7. Nf3 O-O 8.
Bd3 c6 9. O-O Qc7 10. Re1 Rd8 11. Bg5 Nb6 12. Qe2 Nh5 13. Ne5 g6 14. Be3 Ng7 15.
Qf3 f6 16. Nxg6 hxg6 17. Bxg6 e5 18. dxe5 fxe5 19. Qf7+ Kh8 20. Bg5 Re8 21. Re4
1-0

[Event "Open Portugal 2019"]
[Site "Lisboa POR"]
[Date "2019.02.03"]
[Round "2.91"]
[White "Fonseca, Pedro"]
[Black "Mendes, Modeste"]
[Result "0-1"]
[WhiteElo "1610"]
[BlackElo "1981"]
[WhiteFideId "1955624"]
[BlackFideId "1925920"]
[WhiteCountry "POR"]
[BlackCountry "POR"]
[PlyCount "46"]
[EventDate "2019.02.02"]

1. e4 c5 2. Nf3 Nc6 3. Bb5 g6 4. O-O Bg7 5. Re1 d6 6. e5 d5 7. h3 Nh6 8. d4 cxd4
9. Nxd4 Bd7 10. Bxc6 Bxc6 11. e6 O-O 12. exf7+ Rxf7 13. Ne6 Qb6 14. Nxg7 Qxf2+
15. Kh2 Kxg7 16. Be3 Qh4 17. Bxh6+ Qxh6 18. Qd4+ Kg8 19. Nc3 Rd8 20. Qxa7 d4 21.
Ne2 Rf2 22. Qb6 Rxg2+ 23. Kh1 Qxh3# 0-1

[Event "Open Portugal 2019"]
[Site "Lisboa POR"]
[Date "2019.02.03"]
[Round "2.92"]
[White "Taranin, Konstantin"]
[Black "Gonçalves, Samuel"]
[Result "1-0"]
[WhiteElo "1976"]
[BlackElo "1637"]
[WhiteFideId "24109002"]
[BlackFideId "1945130"]
[WhiteCountry "RUS"]
[BlackCountry "POR"]
[PlyCount "99"]
[EventDate "2019.02.02"]

1. e4 c6 2. d4 d5 3. e5 Bf5 4. h4 Qd7 5. Be2 g6 6. g4 Be6 7. h5 h6 8. f4 c5 9.
c3 Nc6 10. a3 c4 11. hxg6 fxg6 12. Qc2 Bf7 13. Be3 e6 14. Nd2 b5 15. b4 a5 16.
Qb2 Nge7 17. a4 axb4 18. axb5 Rxa1+ 19. Qxa1 bxc3 20. Qxc3 Na7 21. b6 Nac8 22.
Nh3 Bg7 23. Kf2 Nxb6 24. Rb1 Nec8 25. Qa5 Qa4 26. Qc5 Bf8 27. Qc7 Qd7 28. Qb8
Qd8 29. Rb5 Be7 30. Nb1 O-O 31. f5 Be8 32. Rb2 exf5 33. Bxh6 Rf7 34. e6 Bh4+ 35.
Kg1 Rc7 36. Nc3 Bc6 37. Rxb6 Nxb6 38. Qxb6 g5 39. Nxg5 Bxg5 40. Bxg5 Qxg5 41.
Qxc7 Qe3+ 42. Kg2 Qxc3 43. Qxc6 Qxd4 44. Qe8+ Kh7 45. Qh5+ Kg8 46. Qf7+ Kh8 47.
Qf8+ Kh7 48. Qxf5+ Kg7 49. e7 Qe3 50. Qf8+ 1-0

[Event "Open Portugal 2019"]
[Site "Lisboa POR"]
[Date "2019.02.03"]
[Round "2.93"]
[White "Barros, Arlindo"]
[Black "Pipiras, Filipa"]
[Result "1-0"]
[WhiteElo "1603"]
[BlackElo "1964"]
[WhiteFideId "23600640"]
[BlackFideId "1944894"]
[WhiteCountry "CPV"]
[BlackCountry "POR"]
[PlyCount "137"]
[EventDate "2019.02.02"]

1. e4 c6 2. d4 d5 3. exd5 cxd5 4. Nf3 Nf6 5. Bd3 Nc6 6. Be3 Bg4 7. Nbd2 e6 8. c3
Bd6 9. Qc2 Rc8 10. a3 a6 11. O-O O-O 12. h3 Bh5 13. Rfe1 b5 14. Bg5 Bg6 15. Bxg6
hxg6 16. Qd3 Be7 17. Rac1 Qb6 18. Ne5 a5 19. Bxf6 Bxf6 20. Nd7 Qb7 21. Nxf8 Rxf8
22. Nf3 b4 23. axb4 axb4 24. Ra1 bxc3 25. bxc3 Qc7 26. Reb1 Ne7 27. Ra3 Rc8 28.
Rab3 Qa5 29. Rb8 Kh7 30. Rxc8 Nxc8 31. Qb5 Qxc3 32. Qc5 Qxc5 33. dxc5 e5 34. Rb7
e4 35. Nd2 g5 36. Rxf7 Ne7 37. Rf8 g4 38. hxg4 Kg6 39. Rd8 Kg5 40. c6 Nxc6 41.
Rxd5+ Kf4 42. g3+ Kxg4 43. Nxe4 Ne7 44. Rb5 Kf3 45. Nxf6 gxf6 46. Rb3+ Kg4 47.
Rb4+ Kg5 48. Kg2 Nc6 49. f4+ Kg4 50. Rb6 Nd4 51. Rxf6 Nb5 52. Rg6+ Kh5 53. Rg5+
Kh6 54. Rxb5 Kg6 55. g4 Kf6 56. Rb6+ Kg7 57. g5 Kf7 58. f5 Ke7 59. f6+ Kf7 60.
Rb7+ Kf8 61. g6 Ke8 62. Rb8+ Kd7 63. g7 Ke6 64. g8=Q+ Kxf6 65. Rf8+ Ke7 66. Qf7+
Kd6 67. Rd8+ Ke5 68. Rd5+ Ke4 69. Qf3# 1-0

[Event "Open Portugal 2019"]
[Site "Lisboa POR"]
[Date "2019.02.03"]
[Round "2.94"]
[White "Archambault, Serge"]
[Black "Paletta, Giuseppe"]
[Result "1/2-1/2"]
[WhiteElo "1959"]
[BlackElo "1620"]
[WhiteFideId "2604108"]
[BlackFideId "804185"]
[WhiteCountry "CAN"]
[BlackCountry "ITA"]
[PlyCount "93"]
[EventDate "2019.02.02"]

1. d4 b6 2. c4 Bb7 3. Nc3 e6 4. e4 Bb4 5. Bd2 Bxc3 6. Bxc3 Bxe4 7. Qg4 Bg6 8.
Qf3 d5 9. Nh3 Nf6 10. Nf4 Be4 11. Qg3 O-O 12. Bd3 Bxd3 13. Qxd3 dxc4 14. Qxc4
Nd5 15. Nxd5 exd5 16. Qd3 Re8+ 17. Kd1 Nd7 18. Kc2 Nf6 19. f3 Re6 20. Rae1 Rxe1
21. Rxe1 Qd7 22. g4 Re8 23. b3 Rxe1 24. Bxe1 Ne8 25. Kb2 a5 26. Bg3 Qe6 27. Qa6
h6 28. Qd3 Qd7 29. Qa6 Qd8 30. Qb5 Kh7 31. Qc6 f6 32. h4 Kg8 33. h5 Kf8 34. Kc2
Ke7 35. Qc3 Qd7 36. Qd3 a4 37. b4 b5 38. Qc3 Kf7 39. Kd2 Nd6 40. Bxd6 Qxd6 41.
a3 c6 42. Ke2 Ke7 43. Kf2 Qh2+ 44. Kf1 Kd7 45. Qd3 Qf4 46. Kg2 Ke7 47. Qc3
1/2-1/2

[Event "Open Portugal 2019"]
[Site "Lisboa POR"]
[Date "2019.02.03"]
[Round "2.95"]
[White "Cavadas, José"]
[Black "Roque, Armando"]
[Result "0-1"]
[WhiteElo "1580"]
[BlackElo "1946"]
[WhiteFideId "1904990"]
[BlackFideId "1939149"]
[WhiteCountry "POR"]
[BlackCountry "POR"]
[PlyCount "72"]
[EventDate "2019.02.02"]

1. d4 Nf6 2. Nf3 g6 3. c4 d5 4. Nc3 Bg7 5. e3 O-O 6. Be2 dxc4 7. Bxc4 c5 8. d5
a6 9. a4 Bf5 10. Bd2 Ne4 11. Nxe4 Bxe4 12. Bc3 Bxc3+ 13. bxc3 Qa5 14. Qc1 Nd7
15. Ng5 Bxg2 16. Rg1 Nb6 17. Be2 Bxd5 18. f4 Rad8 19. h4 Bc4 20. Bf3 Nxa4 21.
Ra3 b5 22. h5 Rd3 23. Ne4 Qb6 24. Be2 Rfd8 25. Bxd3 Bxd3 26. Nf2 c4 27. Rg3 Nc5
28. Qa1 Rd6 29. Ng4 Kg7 30. Ne5 Bf5 31. hxg6 fxg6 32. Kf2 Ne4+ 33. Kf3 Nxg3 34.
Kxg3 Qxe3+ 35. Nf3 Be4 36. Qf1 Rd3 0-1

[Event "Open Portugal 2019"]
[Site "Lisboa POR"]
[Date "2019.02.03"]
[Round "2.96"]
[White "Barbier, Astrid"]
[Black "Pereira, André Marques"]
[Result "1/2-1/2"]
[WhiteElo "1945"]
[BlackElo "1604"]
[WhiteFideId "200395"]
[BlackFideId "2116774"]
[WhiteCountry "BEL"]
[BlackCountry "POR"]
[PlyCount "88"]
[EventDate "2019.02.02"]

1. e4 c6 2. d4 d5 3. exd5 cxd5 4. Bd3 Nc6 5. c3 Nf6 6. Bf4 e6 7. Nd2 Bd6 8. Bxd6
Qxd6 9. Ngf3 O-O 10. O-O e5 11. dxe5 Nxe5 12. Nxe5 Qxe5 13. Nf3 Qd6 14. Qc2 Bg4
15. Nd4 g6 16. h3 Bd7 17. Rad1 Rfe8 18. Be2 Qb6 19. Bf3 Bc6 20. Rfe1 Kg7 21. Qc1
h6 22. b3 a5 23. Rxe8 Rxe8 24. c4 dxc4 25. Nxc6 bxc6 26. Qxc4 Re6 27. Rc1 Rd6
28. Qc3 Qd4 29. Qxd4 Rxd4 30. Rxc6 Rd2 31. a4 Rb2 32. Rb6 Rb1+ 33. Kh2 h5 34.
Rb5 Rb2 35. Kg3 Ne8 36. Bb7 Nd6 37. Rb6 Nf5+ 38. Kf3 Nd4+ 39. Kg3 Rxb3+ 40. Rxb3
Nxb3 41. Kf4 Kf6 42. h4 Nc5 43. Bc6 Ne6+ 44. Kg3 Nd4 1/2-1/2

[Event "Open Portugal 2019"]
[Site "Lisboa POR"]
[Date "2019.02.03"]
[Round "2.97"]
[White "Dias, José"]
[Black "Ladisic, Alex-Sacha"]
[Result "0-1"]
[WhiteElo "1560"]
[BlackElo "1934"]
[WhiteFideId "1923943"]
[BlackFideId "610631"]
[WhiteCountry "POR"]
[BlackCountry "FRA"]
[PlyCount "94"]
[EventDate "2019.02.02"]

1. Nf3 Nf6 2. g3 g6 3. Bg2 Bg7 4. O-O O-O 5. d3 d6 6. c3 e5 7. h3 Nc6 8. Nbd2
Nh5 9. e4 Qe8 10. Nc4 f5 11. exf5 gxf5 12. Nh2 Be6 13. Bf3 Nf6 14. Ne3 d5 15.
Re1 e4 16. Bg2 Ne5 17. dxe4 dxe4 18. f4 Nd3 19. Re2 Nh5 20. Nhf1 Qg6 21. Kh2 Bh6
22. Nc2 Rf7 23. Ne1 Rd8 24. Nxd3 Rxd3 25. Qe1 Bd5 26. Qf2 Rg7 27. Be3 Bc6 28.
Rd2 Rgd7 29. Rad1 a6 30. Rxd3 exd3 31. Bxc6 Qxc6 32. Bd4 Nf6 33. Qe3 Ne4 34. Nd2
Qa4 35. Nxe4 fxe4 36. Qxe4 Qxd1 37. Qe6+ Rf7 38. Qxh6 Qe2+ 39. Kh1 Qe4+ 40. Kh2
Qg6 41. Qh4 Rf8 42. Qe7 Re8 43. Qxc7 d2 44. Qc4+ Qe6 45. Qc7 Qe2+ 46. Kh1 d1=Q+
47. Bg1 Qd5# 0-1

[Event "Open Portugal 2019"]
[Site "Lisboa POR"]
[Date "2019.02.03"]
[Round "2.98"]
[White "Candeias, Humberto"]
[Black "Almeida, Rui Pedro"]
[Result "1-0"]
[WhiteElo "1932"]
[BlackElo "1583"]
[WhiteFideId "1903454"]
[BlackFideId "1949616"]
[WhiteCountry "POR"]
[BlackCountry "POR"]
[PlyCount "45"]
[EventDate "2019.02.02"]

1. e4 c5 2. Nc3 Nc6 3. g3 g6 4. Bg2 Bg7 5. d3 Nf6 6. Be3 d6 7. Qc1 O-O 8. Bh6 a6
9. Bxg7 Kxg7 10. f4 e6 11. Nf3 Qb6 12. Rb1 Nd4 13. Qd2 Nxf3+ 14. Bxf3 Bd7 15. e5
dxe5 16. fxe5 Nd5 17. O-O Ne7 18. Ne4 Nf5 19. c3 Qc7 20. Qf4 h6 21. g4 Nh4 22.
Qf6+ Kh7 23. Qxh4 1-0

[Event "Open Portugal 2019"]
[Site "Lisboa POR"]
[Date "2019.02.03"]
[Round "2.99"]
[White "Lages, Duarte"]
[Black "Moretti, Filippo"]
[Result "0-1"]
[WhiteElo "1558"]
[BlackElo "1928"]
[WhiteFideId "2161680"]
[BlackFideId "2805001"]
[WhiteCountry "POR"]
[BlackCountry "ITA"]
[PlyCount "78"]
[EventDate "2019.02.02"]

1. d4 Nf6 2. c4 e6 3. Nf3 Bb4+ 4. Nbd2 b6 5. a3 Bxd2+ 6. Bxd2 d6 7. Bg5 Bb7 8.
Qc2 h6 9. Bxf6 Qxf6 10. e4 c5 11. d5 O-O 12. Be2 Nd7 13. O-O exd5 14. cxd5 Rfe8
15. Bb5 Re7 16. Rfe1 Ne5 17. Nxe5 Rxe5 18. Rad1 a6 19. Bf1 Rae8 20. Re3 Qg5 21.
Qb3 b5 22. a4 Rxe4 23. Rxe4 Rxe4 24. axb5 Rb4 25. Qa2 axb5 26. Qa7 Bxd5 27. Qb8+
Kh7 28. Qxd6 Bc4 29. Bd3+ Bxd3 30. Qxd3+ g6 31. Qd7 Kg7 32. g3 Rxb2 33. Qd6 c4
34. Qa3 Qf6 35. Qe3 c3 36. Rd4 Rb1+ 37. Kg2 Qc6+ 38. Kh3 Qe6+ 39. Qxe6 fxe6 0-1